MARC details
| 000 -LEADER |
| campo de control de longitud fija |
01224nam a22003017i 4500 |
| 005 - FECHA Y HORA DE LA ÚLTIMA TRANSACCIÓN |
| campo de control |
20240829035019.0 |
| 008 - DATOS DE LONGITUD FIJA--INFORMACIÓN GENERAL |
| campo de control de longitud fija |
191001s2017 ck a gr 000 0 spa d |
| 020 ## - NÚMERO INTERNACIONAL ESTÁNDAR DEL LIBRO |
| Número Internacional Estándar del Libro |
9789587850543 |
| 040 ## - FUENTE DE CATALOGACIÓN |
| Centro catalogador/agencia de origen |
COMFC |
| Lengua de catalogación |
spa |
| Normas de descripción |
rda |
| 041 ## - CÓDIGO DE IDIOMA |
| Código de lengua del texto/banda sonora o título independiente |
spa |
| 082 04 - NÚMERO DE LA CLASIFICACIÓN DECIMAL DEWEY |
| Número de clasificación |
782.42 |
| Número de ítem |
C65 |
| 110 ## - ENTRADA PRINCIPAL--NOMBRE DE ENTIDAD CORPORATIVA |
| 9 (RLIN) |
55246 |
| Nombre de entidad corporativa o nombre de jurisdicción como elemento de entrada |
Comunidad educativa de Candelilla río Mira (Nariño) |
| 245 11 - MENCIÓN DEL TÍTULO |
| Título |
¿Cómo canta? |
| Mención de responsabilidad, etc. |
Comunidad educativa de Candelilla río Mira (Nariño) ; ilustraciones Yonny Adriano Ortiz |
| 250 ## - MENCION DE EDICION |
| Mención de edición |
Segunda edición |
| 264 01 - PRODUCCIÓN, PUBLICACIÓN, DISTRIBUCIÓN, FABRICACIÓN Y COPYRIGHT |
| Producción, publicación, distribución, fabricación y copyright |
Bogotá |
| Nombre del de productor, editor, distribuidor, fabricante |
Ministerio de Educación Nacional |
| Fecha de producción, publicación, distribución, fabricación o copyright |
2017 |
| 300 ## - DESCRIPCIÓN FÍSICA |
| Extensión |
35 páginas |
| Otras características físicas |
ilustraciones |
| Dimensiones |
20 cm |
| 336 ## - TIPO DE CONTENIDO |
| Fuente |
rdacontent |
| Término de tipo de contenido |
txt |
| 337 ## - TIPO DE MEDIO |
| Fuente |
rdamedia |
| Nombre/término del tipo de medio |
n |
| 338 ## - TIPO DE SOPORTE |
| Fuente |
rdacarrier |
| Nombre/término del tipo de soporte |
nc |
| 490 ## - MENCIÓN DE SERIE |
| -- |
55081 |
| Mención de serie |
Río de Letras. Territorios Narrados PNLE |
| Designación de volumen o secuencia |
26 |
| 490 ## - MENCIÓN DE SERIE |
| -- |
54895 |
| Mención de serie |
Plan Nacional de Lectura y Escritura Leer es mi cuento |
| 650 #0 - PUNTO DE ACCESO ADICIONAL DE MATERIA--TÉRMINO DE MATERIA |
| 9 (RLIN) |
23591 |
| Término de materia o nombre geográfico como elemento de entrada |
Canciones Infantiles |
| Subdivisión de forma |
Enseñanza |
| 650 #0 - PUNTO DE ACCESO ADICIONAL DE MATERIA--TÉRMINO DE MATERIA |
| 9 (RLIN) |
37669 |
| Término de materia o nombre geográfico como elemento de entrada |
Instrumentos Musicales |
| Subdivisión geográfica |
Chocó |
| 650 #0 - PUNTO DE ACCESO ADICIONAL DE MATERIA--TÉRMINO DE MATERIA |
| 9 (RLIN) |
55084 |
| Término de materia o nombre geográfico como elemento de entrada |
Música Afrocolombiana |
| 700 1# - ENTRADA AGREGADA--NOMBRE PERSONAL |
| 9 (RLIN) |
55247 |
| Nombre de persona |
Ortiz, Yonny Adriano |
| Término indicativo de función/relación |
ill |
| 830 ## - PUNTO DE ACCESO ADICIONAL DE SERIE-TÍTULO UNIFORME |
| 9 (RLIN) |
54892 |
| Título uniforme |
Dotación MinCultura y BNC - Sala de Patrimonio Bibliográfico y Documental de Risaralda |
| 942 ## - ELEMENTOS DE ENTRADA SECUNDARIOS (KOHA) |
| Fuente del sistema de clasificación o colocación |
Clasificación Decimal Dewey |
| Parte de la signatura que corresponde a la clasificación (Parte de la clasificación) |
782.42 C65 |
| Prefijo de la signatura |
782.42 |
| Sufijo de la signatura |
C65 |